Voice and verse : (Record no. 9744)
[ view plain ]
| 000 -LEADER | |
|---|---|
| fixed length control field | 00817nam a2200277 a 4500 |
| 001 - CONTROL NUMBER | |
| JCCL Control Number | 9744 |
| 003 - CONTROL NUMBER IDENTIFIER | |
| JCCL marc code | BD-JhCC |
| 005 - DATE AND TIME OF LATEST TRANSACTION | |
| control field | 20180324172813.0 |
| 008 - FIXED-LENGTH DATA ELEMENTS--GENERAL INFORMATION | |
| fixed length control field | 180324s1974 stk 00000 eng d |
| 020 ## - INTERNATIONAL STANDARD BOOK NUMBER | |
| International Standard Book Number | 0902859218 |
| Terms of availability | L.1.75 |
| 035 ## - SYSTEM CONTROL NUMBER | |
| system control number | (BD-JhCC)9744 |
| 035 ## - SYSTEM CONTROL NUMBER | |
| system control number | 1178838 |
| 040 ## - CATALOGING SOURCE | |
| Original cataloging agency | BD-JhCC |
| Modifying agency | BD-JhCC |
| 041 ## - LANGUAGE CODE | |
| Language code of Book | eng |
| 050 00 - LIBRARY OF CONGRESS CALL NUMBER | |
| Classification number | PR1225 |
| Item number | .V64 |
| 082 0# - DEWEY DECIMAL CLASSIFICATION NUMBER | |
| Classification number | 821/.9/1208 |
| Author mark and Year | VOI 1953 |
| 245 00 - TITLE STATEMENT | |
| Title | Voice and verse : |
| Remainder of title | a jubilee anthology / |
| Statement of responsibility, etc | compiled by Alice V. Stuart and Charles Graves. |
| 260 ## - PUBLICATION, DISTRIBUTION, ETC. (IMPRINT) | |
| Place of publication, distribution, etc | Edinburgh : |
| Name of publisher, distributor, etc | Cambridge at the University Press, |
| Date of publication, distribution, etc | 1953. |
| 300 ## - PHYSICAL DESCRIPTION | |
| Pagination | 86p. ; |
| Dimensions | 20 cm. |
| 650 #0 - SUBJECT ADDED ENTRY--TOPICAL TERM | |
| Topical term or geographic name as entry element | English poetry |
| Chronological subdivision | 20th century. |
| 700 1# - ADDED ENTRY--PERSONAL NAME | |
| Personal name | Stuart, Alice V. |
| 700 1# - ADDED ENTRY--PERSONAL NAME | |
| Personal name | Graves, Charles. |
| 710 2# - ADDED ENTRY--CORPORATE NAME | |
| Corporate name or jurisdiction name as entry element | Scottish Association for the Speaking of Verse. |
| 942 ## - ADDED ENTRY ELEMENTS (KOHA) | |
| Source of classification or shelving scheme | Dewey Decimal Classification |
| Koha item type | Books |
| Source of classification or shelving scheme | Damaged status | Not for loan | Home library | Current library | Shelving location | Date of accession | Full call number | Barcode | Date last seen | Copy number | Koha item type |
|---|---|---|---|---|---|---|---|---|---|---|---|
| Dewey Decimal Classification | JCC Rouf Library | JCC Rouf Library | General Stacks | 03/24/2018 | 808.55 FIS 1953 | 9110 | 03/24/2018 | C-1 | Books |